विरासतः (Record no. 49723)
[ view plain ]
| 000 -LEADER | |
|---|---|
| fixed length control field | 03989nam a22003977a 4500 |
| 005 - DATE AND TIME OF LATEST TRANSACTION | |
| control field | 2011010409179.0 |
| 010 ## - LCCN (DPL NO) | |
| LC control number | HIN-91474 B-443562-572 |
| 020 ## - INTERNATIONAL STANDARD BOOK NUMBER | |
| Terms of availability | 100.00 |
| 035 ## - SYSTEM CONTROL NUMBER | |
| System control number | HN-63820 |
| 035 ## - SYSTEM CONTROL NUMBER | |
| System control number | B-443562-572 |
| 037 ## - SOURCE OF ACQUISITION | |
| Source of stock number/acquisition | DBAD / PUB |
| 037 ## - SOURCE OF ACQUISITION | |
| Source of stock number/acquisition | के.के.पब्लिकेशंस |
| 082 ## - DEWEY DECIMAL CLASSIFICATION NUMBER | |
| Classification number | 000 |
| 100 ## - MAIN ENTRY--PERSONAL NAME | |
| Personal name | शर्मा, देवदत्त |
| 245 ## - TITLE STATEMENT | |
| Title | विरासतः |
| Statement of responsibility, etc | देवदत्त शर्मा |
| Remainder of title | प्रश्नोत्तरी / |
| 260 ## - PUBLICATION, DISTRIBUTION, ETC. (IMPRINT) | |
| Place of publication, distribution, etc | जयपुर |
| Name of publisher, distributor, etc | हंसा प्रकाशन |
| Date of publication, distribution, etc | 2008 |
| 270 ## - ADDRESS | |
| Address | 57, नाटाणी भवन, मिश्रराजाजी का रास्ता, चांदपोल बाजार |
| City | जयपुर |
| Postal code | 302001 |
| 300 ## - PHYSICAL DESCRIPTION | |
| Extent | 191पृ |
| Dimensions | 22सेमी (अजिल्द) |
| 500 ## - GENERAL NOTE | |
| General note | राजस्थान की कला,संस्कृति, इतिहास, पुरातत्व एवं विरासत से जुड़े 1500 सवाल |
| 700 ## - ADDED ENTRY--PERSONAL NAME | |
| 9 (RLIN) | 25138 |
| 700 ## - ADDED ENTRY--PERSONAL NAME | |
| 9 (RLIN) | 25157 |
| 942 ## - ADDED ENTRY ELEMENTS (KOHA) | |
| Institution code [OBSOLETE] | dpl |
| Item type | Hindi Books |
| Source of classification or shelving scheme | Dewey Decimal Classification |
| Call number suffix | शर्मादे |
| Classification part | 000 |
| Withdrawn status | Lost status | Not for loan | Collection code | Home library | Current library | Date acquired | Source of acquisition | Cost, normal purchase price | Full call number | Barcode | Copy number | Cost, replacement price | Koha item type | Public note |
|---|---|---|---|---|---|---|---|---|---|---|---|---|---|---|
| Non-fiction | Bawana | Bawana | 21/12/2011 | के.के.पब्लिकेशंस/1316/23.9.11/11/15.9.11/4.10.11 | 100.00 | 000 शर्मादे | B-443569 | 1 | 100.00 | Hindi Books | ||||
| Non-fiction | Central Library | Central Library | 21/12/2011 | के.के.पब्लिकेशंस/1316/23.9.11/11/15.9.11/4.10.11 | 100.00 | 000 शर्मादे | B-443562 | 1 | 100.00 | Hindi Books | ||||
| Not For Loan | Non-fiction | D.B.Act.Division | D.B.Act.Division | 04/01/2011 | DBAD /PUB | 100.00 | 000शर्मादे | HN-63820 | 1 | 100.00 | Hindi Books | |||
| Non-fiction | Karol Bagh | Karol Bagh | 21/12/2011 | के.के.पब्लिकेशंस/1316/23.9.11/11/15.9.11/4.10.11 | 100.00 | 000 शर्मादे | B-443567 | 1 | 100.00 | Hindi Books | ||||
| Written-off vide DLB M. No. 383 dt 16.05.19 | Non-fiction | Kasturba Gandhi Marg | Kasturba Gandhi Marg | 21/12/2011 | के.के.पब्लिकेशंस/1316/23.9.11/11/15.9.11/4.10.11 | 100.00 | 000 शर्मादे | B-443565 | 1 | 100.00 | Hindi Books | |||
| Non-fiction | Mobile Library | Mobile Library | 21/12/2011 | के.के.पब्लिकेशंस/1316/23.9.11/11/15.9.11/4.10.11 | 100.00 | 000 शर्मादे | B-443563 | 1 | 100.00 | Hindi Books | ||||
| Written off | Non-fiction | Narela | Narela | 21/12/2011 | के.के.पब्लिकेशंस/1316/23.9.11/11/15.9.11/4.10.11 | 100.00 | 000 शर्मादे | B-443568 | 1 | 100.00 | Hindi Books | Written off on approval by DLB (By Circulation); dtd 20.12.2022 | ||
| Non-fiction | Patel Nagar | Patel Nagar | 21/12/2011 | के.के.पब्लिकेशंस/1316/23.9.11/11/15.9.11/4.10.11 | 100.00 | 000 शर्मादे | B-443564 | 1 | 100.00 | Hindi Books | ||||
| Non-fiction | R.C.Libraries (BL-IV) | R.C.Libraries (BL-IV) | 21/12/2011 | के.के.पब्लिकेशंस/1316/23.9.11/11/15.9.11/4.10.11 | 100.00 | 000 शर्मादे | B-443571 | 2 | 100.00 | Hindi Books | ||||
| Non-fiction | R.C.Libraries (BL-IV) | R.C.Libraries (BL-IV) | 21/12/2011 | के.के.पब्लिकेशंस/1316/23.9.11/11/15.9.11/4.10.11 | 100.00 | 000 शर्मादे | B-443572 | 2 | 100.00 | Hindi Books | ||||
| Non-fiction | Sarojini Nagar | Sarojini Nagar | 21/12/2011 | के.के.पब्लिकेशंस/1316/23.9.11/11/15.9.11/4.10.11 | 100.00 | 000 शर्मादे | B-443566 | 1 | 100.00 | Hindi Books | ||||
| Non-fiction | Shahdara Branch | Shahdara Branch | 21/12/2011 | के.के.पब्लिकेशंस/1316/23.9.11/11/15.9.11/4.10.11 | 100.00 | 000 शर्मादे | B-443570 | 1 | 100.00 | Hindi Books |
